| 000 | 00889cab a22001935a 4500 | ||
|---|---|---|---|
| 001 | L153448 | ||
| 008 | 110728e20110723xxk 000 0 eng d | ||
| 035 | _a(Sirsi) u153448 | ||
| 041 | 0 | _aeng | |
| 100 | 1 | _aNelson, Marc | |
| 245 | 0 | 0 |
_aFocus _bLondon Offices market analysis |
| 260 | _c2011 | ||
| 490 |
_aEstates Gazette _v(1129) 23 July 2011, 67-79(13) |
||
| 520 | _aTake up, supply, availability rates, asking rents, construction and investment trends for various office locations within London including City Core, City Fringe, Docklands, Midtown, Southbank and West End. With Central London Letting Agents League Table and agent share by number of disposals. Explains the criteria, geographical and other factors used in compiling the analysis. | ||
| 590 | _aKA | ||
| 651 | 4 | _aLondon | |
| 690 | _aPROPERTY-COMMERCIAL PROPERTY-OFFICE PROPERTY-OFFICE PROPERTY MARKET | ||
| 942 | _n0 | ||
| 999 |
_c83295 _d83295 |
||